| 000 | 02122nam a22002177a 4500 | ||
|---|---|---|---|
| 001 | 6888 | ||
| 003 | FISKH | ||
| 005 | 20250604124330.0 | ||
| 008 | 250604b cb ||||| |||| 00| 0 eng d | ||
| 020 | _a9789995001438 | ||
| 040 |
_aFISKH _bkhr _cFISKH _dFISKH |
||
| 082 | _a400 | ||
| 100 | _aSivleng, Chheurn | ||
| 245 |
_aភាសាខ្មែរថ្នាក់ទី៦ / _cលោកស្រី ឈឺន សុីវឡេង , លោក យ៉ង់ កំស៊ាន , លោកស្រី ជា ចាន់នារី និង លោកស្រី ស៊ុន សូម៉ាណា |
||
| 260 |
_aភ្នំពេញ : _bគ្រឺះស្ថានបោះពុម្ពនិងចែកផ្សាយ , _c2012 . |
||
| 300 |
_a156 pages : _billustrations ; _c25 cm . |
||
| 520 | _aសៀវភៅភាសាខ្មែរថ្នាក់ទី៦ ដែលបោះពុម្ពផ្សាយដោយក្រសួងអប់រំ យុវជន និងកីឡា នៃព្រះរាជាណាចក្រកម្ពុជា មានគោលបំណងបង្កើនសមត្ថភាពរបស់សិស្សក្នុងការអាន ការសរសេរ និងការយល់ដឹងអំពីភាសាខ្មែរ។ សៀវភៅនេះជាផ្នែកមួយនៃភាគហ៊ុនមូលដ្ឋាននៃមុខវិជ្ជាផ្លូវការជាតិ ហើយមានបំណងអភិវឌ្ឍជំនាញអក្ខរកម្មរបស់សិស្សតាមរយៈមេរៀនដ៏គួរឱ្យចាប់អារម្មណ៍នានា។ | ||
| 520 | _aThe Grade 6 Khmer Language Textbook, published by the Ministry of Education, Youth and Sport of Cambodia, is designed to enhance students' proficiency in reading, writing, and understanding the Khmer language. This textbook is part of the national curriculum and aims to develop students' literacy skills through various engaging lessons. | ||
| 942 |
_2ddc _cKHB _n0 |
||
| 999 |
_c6888 _d6888 |
||